| 000 | 01392pam a2200289 a 4500 | ||
|---|---|---|---|
| 001 | 6408 | ||
| 003 | FISKH | ||
| 005 | 20250429095806.0 | ||
| 008 | 940603s1995 maua j b 000 0 eng | ||
| 010 | _a 94019614 | ||
| 020 | _a0395699371 | ||
| 020 | _a9780395979150 | ||
| 040 |
_aDLC _cDLC _dDLC _beng |
||
| 050 | _aE450 .B53 | ||
| 082 | _a973.7 | ||
| 100 | 1 | _aBial, Raymond. | |
| 245 | 1 | 4 |
_aThe underground railroad / _cRaymond Bial. |
| 260 |
_aNew York : _bHoughton Mifflin, _c1995. |
||
| 300 |
_a48 pages : _bcolor illustrations ; _c26 cm |
||
| 504 | _aIncludes bibliographical references (p. 46-47). | ||
| 520 | _aBy ones, twos, and threes, in the years before the Civil War thousands of enslaved people slipped through the night on their way to freedom, riding the Underground Railroad. Hidden and hunted, the escape of southern slaves to the North remains a compelling event in American history. Within the pages of this book are documented, in prose and elegantly articulate photographs, examples of "stations" on the Railroad, along with images of the routes, lives, and hardships of both the "passengers" and "conductors." | ||
| 650 | 0 |
_aUnderground Railroad _vJuvenile literature. |
|
| 650 | 0 |
_aFugitive slaves _zUnited States _xHistory _y19th century _vJuvenile literature. |
|
| 906 |
_a7 _bcbc _corignew _d1 _eocip _f19 _gy-gencatlg |
||
| 942 |
_2ddc _cBK _n0 |
||
| 999 |
_c6408 _d6408 |
||